[Event "Western Asia-ch U12 Girls"]
[Site "Delhi"]
[Date "2019.09.06"]
[Round "1"]
[White "Anishka, Vikram"]
[Black "Lakshanaa, R."]
[Result "1/2-1/2"]
[WhiteElo "1592"]
[BlackElo "1282"]
[PlyCount "89"]
[EventDate "2019.09.06"]
[EventType "swiss"]
[EventRounds "9"]
[EventCountry "IND"]
[SourceTitle "CBM 192 Extra"]
[Source "Chessbase"]
[SourceDate "2019.11.06"]
[SourceVersion "1"]
[SourceVersionDate "2019.11.06"]
[SourceQuality "1"]

1. d4 Nf6 2. c4 e6 3. Nc3 Bb4 4. Qc2 0-0 5. a3 Bxc3+ 6. Qxc3 b6 7. g3 Bb7 8. Nf3 Ne4 9. Qc2 f5 10. Bg2 Qf6 11. 0-0 Nc6 12. Rd1 Ne7 13. Ne5 Rad8 14. f3 Nd6 15. e4 fxe4 16. fxe4 Ng6 17. Rf1 Qe7 18. Nxg6 hxg6 19. Bd2 Rxf1+ 20. Rxf1 Rf8 21. Rxf8+ Qxf8 22. Bf4 Nf7 23. b4 Qe7 24. Qd2 e5 25. dxe5 Nxe5 26. Qd4 Nc6 27. Qd5+ Kh7 28. Bxc7 Qf6 29. e5 Qg5 30. Qd1 Qe3+ 31. Kh1 Qxa3 32. Bd6 Qe3 33. Qf1 Nd8 34. Bxb7 Nxb7 35. Qh3+ Kg8 36. Qxd7 Qe4+ 37. Kg1 Qe3+ 38. Kf1 Qf3+ 39. Kg1 Qe3+ 40. Kg2 Qe2+ 41. Kg1 Qe1+ 42. Kg2 Qe2+ 43. Kg1 Qe1+ 44. Kg2 Qe2+ 45. Kg1 1/2-1/2

[Event "IND-ch U11 Girls"]
[Site "Sivagangai Tamilnadu"]
[Date "2018.07.28"]
[Round "1.3"]
[White "Lakshanaa, R."]
[Black "Ratnapriya, K."]
[Result "0-1"]
[WhiteElo "1022"]
[BlackElo "1465"]
[PlyCount "86"]
[EventDate "2018.07.28"]
[EventType "swiss"]
[EventRounds "11"]
[EventCountry "IND"]
[SourceTitle "EXT 2024"]
[Source "ChessBase"]
[SourceDate "2023.10.10"]
[SourceVersion "1"]
[SourceVersionDate "2023.10.10"]
[SourceQuality "1"]

1. d4 Nf6 2. c4 e6 3. Nc3 Bb4 4. Qc2 0-0 5. Bg5 h6 6. Bh4 g5 7. Bg3 b6 8. Nf3 Bb7 9. e3 Ne4 10. Be2 f5 11. 0-0 d6 12. a3 Bxc3 13. bxc3 Qf6 14. h3 Nd7 15. Rac1 Rad8 16. Rfd1 Nxg3 17. fxg3 Be4 18. Qb3 g4 19. Nd2 Qg5 20. Nf1 gxh3 21. gxh3 h5 22. h4 Qg6 23. d5 Nc5 24. Qb2 e5 25. Kh2 f4 26. exf4 exf4 27. Kg1 f3 28. Bxf3 Rxf3 29. Qh2 Rdf8 30. Re1 Rf2 31. Qh3 Rg2+ 32. Qxg2 Bxg2 33. Kxg2 Nd3 34. Re6 Nf4+ 35. Kh2 Nxe6 36. dxe6 Qxe6 37. Kg1 Qxc4 38. Nd2 Qc5+ 39. Kh1 Qd5+ 40. Kg1 Qxd2 41. Rf1 Qe3+ 42. Kg2 Qe2+ 43. Kg1 Rxf1# 0-1